5 meilleurs buteurs par club #3 - Statistiques

Statistiques générales
  • Ce quiz a été pris 174 fois
  • Le résultat moyen est 11 sur 25
Statistiques - réponses
Club Club actuel Nationalité Nombre de buts Joueur % Correct
Paris Saint Germain Paris Saint Germain Français 212 Mbappé
100%
Paris Saint Germain FC Valence Uruguayen 200 Cavani
99%
Paris Saint Germain AC Milan Suédois 156 Ibrahimovic
97%
Paris Saint Germain Paris Saint Germain Brésilien 118 Neymar
96%
Olympique Lyonnais Olympique Lyonnais Français 160 Lacazette
86%
Paris Saint Germain Retraité Portugais 109 Pauleta
85%
AS Monaco Rayo Vallecano Colombien 83 Falcao
84%
AS Monaco AS Monaco Français 98 Ben Yedder
75%
Olympique de Marseille Olympique de Marseille Français 78 Payet
75%
Olympique de Marseille Retraité Français 182 Papin
66%
Olympique de Marseille Udinese Calcio Français 86 Thauvin
64%
Olympique Lyonnais Retraité Brésilien 100 Juninho
56%
Olympique de Marseille Retraité Sénégalais 100 Niang
48%
OGC Nice Borussia Monchengladbach Français 44 Plea
39%
Olympique Lyonnais Retraité Français 148 Lacombe
23%
Olympique Lyonnais Retraité Français 108 Di Nallo
13%
AS Monaco Retraité Argentin 193 Onnis
13%
Olympique de Marseille Retraité Croate 167 Skoblar
10%
AS Monaco Retraité Nigerian 77 Ikpeba
5%
Olympique Lyonnais Retraité Français 135 Chiesa
4%
AS Monaco Retraité Français 68 Djorkaeff
2%
OGC Nice Retraité Français 53 Sanchez
2%
OGC Nice Retraité Serbe 108 Bjekovic
1%
OGC Nice Retraité Suédois 47 Eriksson
0%
OGC Nice Retraité Français 44 Revelli
0%
Aucun quiz correspondant
Distribution des résultats
% des personnes avec chaque résultat
Percentile par nombre de réponses
Votre historique - résultats
Vous n’avez pas pris ce quiz